See no Evil (Record no. 620281)

MARC details
000 -LEADER
fixed length control field 00543nam a2200181 4500
008 - FIXED-LENGTH DATA ELEMENTS--GENERAL INFORMATION
fixed length control field 260428b |||||||| |||| 00| 0 eng d
020 ## - INTERNATIONAL STANDARD BOOK NUMBER
ISBN 97806167125411
Paper back/Hardbound pbk
041 ## - LANGUAGE CODE
Language code of text/sound track or separate title eng
082 ## - DEWEY DECIMAL CLASSIFICATION NUMBER
Classification number 343.730994 COW
100 ## - MAIN ENTRY--AUTHOR NAME
Personal name Cowan,Geoffrey
245 ## - TITLE STATEMENT
Title See no Evil
Sub Title The back stage battle over sex and violence on television
260 ## - PUBLICATION, DISTRIBUTION, ETC. (IMPRINT)
Place of publication United States of America
Name of publisher A Touchstone Book
Year of publication 1980
300 ## - PHYSICAL DESCRIPTION
Number of Pages 323p. :
Dimensions 25cm.
504 ## - BIBLIOGRAPHY, ETC. NOTE
Bibliography, etc Includes index
650 ## - SUBJECT ADDED ENTRY--TOPICAL TERM
Topical Term Military, tax, trade & industrial law
942 ## - ADDED ENTRY ELEMENTS (KOHA)
Koha item type English Books
Holdings
Withdrawn status Lost status Damaged status Not for loan Home library Current library Shelving location Date acquired Full call number Accession Number Price effective from Koha item type
        Anna Centenary Library Anna Centenary Library 4TH FLOOR, A WING 06.12.2010 343.730994 COW 460442 28.04.2026 English Books

Find us on the map